00871cam a22002773a 45000010005000000030006000050050017000110080041000280400015000690420007000840500011000910500007001021000035001092450115001442600029002595060030002885160020003186530050003386530033003886530018004216530037004396530024004766530024005008300028005248560041005521371PGUSA20140828083000.0060219s2006||||xxu|||||s|||||000 | eng d aPGUSAbeng adc 4aF850.5 4aPS1 aIrving, Washington,d1783-185910aAstoria; Or, Anecdotes of an Enterprise Beyond the Rocky Mountainsh[electronic resource] /cWashington Irving bProject Gutenberg,c2006 aPublic domain in the USA. aElectronic text aNorthwestern States -- Description and travel aVoyages to the Pacific coast aAstoria (Or.) aOverland journeys to the Pacific aPacific Fur Company aFur trade -- Oregon 0aProject Gutenbergv137140uhttp://www.gutenberg.org/ebooks/1371